Atención astronautas : prohibido aterrizar /

Сохранить в:
Библиографические подробности
Главный автор: Brunner, John (autor)
Формат:
Язык:испанский
Опубликовано: Barcelona, España : Vértice, 1967
Серии:(Galaxia ; 18)
Предметы:
Метки: Добавить метку
Нет меток, Требуется 1-ая метка записи!

MARC

LEADER 00000nam^a2200000^a^4500
001 000564056
005 20250521000000.0
009 20260310132018.664
037 |a Acervo ITESO - Biblioteca 
041 |a ESP 
082 |a 823.  |b BRU 
100 |a Brunner, John  |e (autor) 
245 1 0 |a Atención astronautas :  |b prohibido aterrizar /  |c J. Brunner ; tr. por F. Sesen. 
264 1 |a Barcelona, España :  |b Vértice,  |c 1967 
300 |a 216 p. 
336 |a texto  |b txt  |2 rdacontenido 
337 |a sin mediación  |b n  |2 rdamedio 
338 |a volumen  |b nc  |2 rdasoporte 
440 1 |a (Galaxia ;  |v 18) 
500 |a Traducción de: The Astronauts Must Notland 
649 |a XX 
650 |a Novela Inglesa 
650 |a Literatura Inglesa -  |y Siglo XX 
650 |a Literatura de Ciencia-Ficción -  |z Inglaterra 
910 |a Fondo Salvador Reynoso Reynoso 
920 |a Impresos - Libros 
930 |a Fondos Especiales 
940 |a Literatura 
905 |a 112 
901 |a 0500400098  |b IT2  |c ESP  |i 04681  |u 20250521 
902 |a https://opac.biblio.iteso.mx/vufind/Record/000564056